000 00442nam a2200133Ia 4500
008 100328s9999 xx 000 0 und d
082 _b37136
100 _aपाटेकर श्रीकांत
245 _aचालाक हत्यारा
260 _bडायमंड पॉकेट बुक्स
630 _aचालाक हत्यारा
730 _aचालाक हत्यारा
942 _cBOOK
999 _c526639
_d526636